000 00320nam a22001217a 4500
008 230704b xxu||||| |||| 00| 0 eng d
082 _a339
_bUNDP
110 _bUNDP
245 _aHuman Development Report 2001
_bAddressing Social & economic Disparities
260 _aKenya
_bUNDP
_c2002
300 _a111p
942 _2ddc
_cBK
999 _c3583
_d3583